Score 0/100 Timer 12:00
0 Plays Today
Hint Answer % Correct
a
94.5%
a
94.5%
a
94.5%
a
94.5%
you?
66.9%
you!
66.9%
and
64.6%
and
64.6%
do
63%
do
63%
do
63%
is
62.2%
in
61.4%
to
61.4%
to
61.4%
to
61.4%
We
56.7%
on
56.7%
What
50.4%
there
48%
there
48%
of
47.2%
of
47.2%
no
47.2%
here
40.2%
it's
38.6%
like
37.8%
Not
35.4%
or
34.6%
or
34.6%
some
33.1%
Life
30.7%
just
29.1%
day
28.3%
Hint Answer % Correct
day
28.3%
out
27.6%
out
27.6%
out
27.6%
duck
25.2%
Duck
25.2%
Duck
25.2%
Duck
25.2%
Duck
25.2%
Duck
25.2%
Duck
25.2%
Tales!
24.4%
Tales!
24.4%
Tales
24.4%
Tales!
24.4%
There's
24.4%
Tales!
24.4%
Tales!
24.4%
Tales
24.4%
Tales!
24.4%
tales
24.4%
tales
24.4%
Tales!
24.4%
good!
23.6%
find
23.6%
good
23.6%
hurricane
22.8%
Duckburg!
22.8%
Every
21.3%
Every
21.3%
history!
20.5%
might
19.7%
solve
19.7%
mystery
19.7%
Hint Answer % Correct
rewrite
19.7%
Cars
18.9%
Woo
18.9%
they're
18.9%
Woo
18.9%
bad
18.9%
d-d-d-danger!
18.9%
behind
18.9%
Woo
18.9%
they're
18.9%
Woo
18.9%
bad
18.9%
Woo
18.9%
Race
18.1%
stranger
18.1%
grab
18.1%
aeroplanes
17.3%
blur!
17.3%
What's
17.3%
Luck
16.5%
lasers
15.7%
hoo!
15%
hoo!
15%
daring
15%
hoo!
15%
hoo!
15%
daring
15%
hoo!
15%
making
14.2%
making
14.2%
pony
11.8%
Gotham
2.4%
Remove Ads.
Support Sporcle.
Get the best of Sporcle when you Go Orange. This ad-free experience offers more features, more stats, and more fun while also helping to support Sporcle. Thank you for becoming a member.

You're not logged in!

Compare scores with friends on all Sporcle quizzes.
OR
Log In

Show Comments

Extras

Created Dec 21, 2014ReportNominate
Tags:Song Quiz, theme

Top Quizzes Today


Score Distribution

Your Account Isn't Verified!

In order to create a playlist on Sporcle, you need to verify the email address you used during registration. Go to your Sporcle Settings to finish the process.

Report this User

Report this user for behavior that violates our Community Guidelines.

Details: